Biggest countries of Eastern Europe! - Statistics

General Stats
  • This quiz has been taken 29 times
  • The average score is 19 of 24
Answer Stats
Country Area (km2) % Correct
#1 Russia(European) 3,960,000
100%
#3 Poland 312,696
96%
#2 Ukraine 603,628
96%
#5 Belarus 207,600
93%
#6 Bulgaria 110,879
93%
#7 Hungary 93,030
93%
#4 Romania 238,397
89%
#16 Slovakia 49,035
89%
#20 Albania 28,748
85%
#14 Croatia 56,594
85%
#10 Czechia 78,871
85%
#22 Slovenia 20,273
85%
#17 Estonia 45,227
81%
#13 Latvia 64,589
81%
#8 Serbia 88,361
81%
#12 Lithuania 65,300
78%
#18 Moldova 33,846
74%
#21 North Macedonia 25,713
70%
#15 Bosnia 51,209
67%
#24 Kosovo 10,887
67%
#23 Montenegro 13,812
59%
#19 Armenia 29,743
48%
#9 Azerbaijan 86,600
48%
#11 Georgia 69,700
48%
No matching quizzes found
Score Distribution
Percent of People with Each Score
Percentile by Number Answered
Your Score History
You have not taken this quiz